| 000 | 01136cam a2200229 4500 | ||
|---|---|---|---|
| 001 | ABS66362 | ||
| 008 | 030207n2003 000 0 eng u | ||
| 035 | _a(Sirsi) u121297 | ||
| 100 | _aHamson, L. | ||
| 245 | _a1954 Act: What use is it in 2003? | ||
| 260 | _c2003 | ||
| 490 |
_aProperty Week _v68(2) 17 January 2003, 30-32(3) |
||
| 520 | _aConsiders the pros and cons of the Landlord and Tenant Act 1954 and the arguments for its possible repeal. Outlines amendments which are due to come into force in September 2003 which include simplification of the contracting out process, removing time-limits, the extension of maximum lengths from 14 to 15 years, and the introduction of the Regulatory Reform Order 2002 abolishing tenant counteraction in response to s25 notices. Provides a brief history of landlord and tenant law from 1927 to the present day. | ||
| 590 | _aABS | ||
| 650 | _aLANDLORD AND TENANT ACT 1954 | ||
| 650 | _aBUSINESS TENANCIES | ||
| 650 | _aSECTION 25 NOTICES | ||
| 650 | _aREGULATORY REFORM ORDER 2002 | ||
| 650 | _aTIME LIMITS | ||
| 690 | _aLANDLORD AND TENANT-BUSINESS TENANCIES | ||
| 942 | _n0 | ||
| 999 |
_c72087 _d72087 |
||